Mechanics (Record no. 5548)
[ view plain ]
| 000 -LEADER | |
|---|---|
| fixed length control field | 00910nam a2200289 a 4500 |
| 001 - CONTROL NUMBER | |
| JCCL Control Number | 5548 |
| 003 - CONTROL NUMBER IDENTIFIER | |
| JCCL marc code | BD-JhCC |
| 005 - DATE AND TIME OF LATEST TRANSACTION | |
| control field | 20171231193428.0 |
| 008 - FIXED-LENGTH DATA ELEMENTS--GENERAL INFORMATION | |
| fixed length control field | 000525s2000 enk 000 0 eng d |
| 020 ## - INTERNATIONAL STANDARD BOOK NUMBER | |
| International Standard Book Number | 0435510746 |
| 035 ## - SYSTEM CONTROL NUMBER | |
| system control number | (BD-JhCC)5548 |
| 040 ## - CATALOGING SOURCE | |
| Original cataloging agency | OX/U-1 |
| Modifying agency | BD-JhCC |
| 041 ## - LANGUAGE CODE | |
| Language code of Book | eng |
| 082 ## - DEWEY DECIMAL CLASSIFICATION NUMBER | |
| Classification number | 620 |
| Author mark and Year | JHO 2000 |
| 100 1# - MAIN ENTRY--PERSONAL NAME | |
| Personal name | Littlewood, Jean. |
| 245 10 - TITLE STATEMENT | |
| Title | Mechanics |
| Number of part/section of a work | 1 : |
| Remainder of title | Heinemann modular mathematics for EDEXCEL as and A-Level / |
| Statement of responsibility, etc | Jean Littlewood, John Hebborn, Fred Norton. |
| 250 ## - EDITION STATEMENT | |
| Edition statement | New ed. |
| 260 ## - PUBLICATION, DISTRIBUTION, ETC. (IMPRINT) | |
| Place of publication, distribution, etc | Oxford : |
| Name of publisher, distributor, etc | Heinemann Educational, |
| Date of publication, distribution, etc | c2000. |
| 300 ## - PHYSICAL DESCRIPTION | |
| Pagination | vi, 176 p. : |
| Other physical details | ill. ; |
| Dimensions | 27 cm. |
| 500 ## - GENERAL NOTE | |
| General note | "M1, ideal for the 2000 specifications" - cover. |
| 650 #0 - SUBJECT ADDED ENTRY--TOPICAL TERM | |
| Topical term or geographic name as entry element | Mechanics. |
| 650 #0 - SUBJECT ADDED ENTRY--TOPICAL TERM | |
| Topical term or geographic name as entry element | Mechanics |
| Form subdivision | Problems, exercises, etc. |
| 700 1# - ADDED ENTRY--PERSONAL NAME | |
| Personal name | Hebborn, John. |
| 700 1# - ADDED ENTRY--PERSONAL NAME | |
| Personal name | Norton, Fred. |
| 830 #0 - SERIES ADDED ENTRY--UNIFORM TITLE | |
| Uniform title | Heinemann modular mathematics for Edexcel AS and A-level |
| 942 ## - ADDED ENTRY ELEMENTS (KOHA) | |
| Source of classification or shelving scheme | Dewey Decimal Classification |
| Koha item type | Books |
| Source of classification or shelving scheme | Damaged status | Not for loan | Home library | Current library | Shelving location | Date of accession | Source of acquisition | Total Checkouts | Full call number | Barcode | Date last seen | Koha item type | Copy number |
|---|---|---|---|---|---|---|---|---|---|---|---|---|---|
| Dewey Decimal Classification | JCC Rouf Library | JCC Rouf Library | General Stacks | 12/17/2017 | Zahedee Foundation | 620 JHO 2000 | 7726 | 12/17/2017 | Books | ||||
| Dewey Decimal Classification | JCC Rouf Library | JCC Rouf Library | General Stacks | 12/30/2017 | Zahedy Foundation | 620 JHO 2000 | 7862 | 12/30/2017 | Books | C - 2 |